[Event "24. Copenhagen Open  (Politiken Cup)"]
[Site "Copenhagen"]
[Date "2002.07.23"]
[Round "8"]
[White "Manley, Christian"]
[Black "Tollefsen, Vegard"]
[Result "0-1"]
[WhiteElo "1469"]
[BlackElo "1699"]
[PlyCount "70"]
[EventDate "2002.07.15"]
[EventType "swiss"]
[EventRounds "11"]
[EventCountry "DEN"]
[SourceDate "2004.01.01"]

1. d4 Nf6 2. c4 e5 3. dxe5 Ng4 4. Nf3 Bc5 5. e3 Nc6 6. Be2 O-O 7. O-O Re8 8.
Nc3 Ngxe5 9. Nxe5 Nxe5 10. b3 d6 11. Bb2 Bf5 12. Nd5 Re6 13. Nf4 Rh6 14. Bxe5
Qh4 15. Nh5 dxe5 16. Qd5 Bd6 17. Qxb7 Be4 18. g3 Rg6 19. Qb5 Qh3 20. f3 Qxh5
21. g4 a6 22. Qd7 Bb7 23. Rad1 Qh4 24. c5 Bxc5 25. Rd3 Bd6 26. Rf2 Rd8 27. Qa4
h5 28. Bd1 hxg4 29. fxg4 Bc5 30. Qc4 Bxe3 31. Qxf7+ Kh7 32. Rxe3 Rxd1+ 33. Rf1
Rxg4+ 34. Rg3 Rxg3+ 35. hxg3 Qxg3# 0-1

[Event "24. Copenhagen Open  (Politiken Cup)"]
[Site "Copenhagen"]
[Date "2002.07.23"]
[Round "8"]
[White "Mathiesen, Erik"]
[Black "Frank Nielsen, Marie"]
[Result "1-0"]
[WhiteElo "1958"]
[BlackElo "1544"]
[PlyCount "59"]
[EventDate "2002.07.15"]
[EventType "swiss"]
[EventRounds "11"]
[EventCountry "DEN"]
[SourceDate "2004.01.01"]

1. e4 b6 2. g3 Bb7 3. Bg2 e6 4. d4 Ne7 5. Be3 d6 6. Nd2 Nd7 7. Nh3 c6 8. c3 Qc7
9. O-O h6 10. a4 Ng6 11. f4 c5 12. Qb3 Ne7 13. Qd1 Nc6 14. f5 exf5 15. Rxf5 Nf6
16. e5 dxe5 17. dxe5 Ne7 18. Bxb7 Nxf5 19. Bxa8 Nxe3 20. Qf3 Nfg4 21. Re1 g6
22. Rxe3 Nxe3 23. Qf6 Qe7 24. Bc6+ Kd8 25. Qxh8 Ng4 26. Nc4 f6 27. Nf4 Nxe5 28.
Nxe5 fxe5 29. Nxg6 Qg7 30. Qxf8+ 1-0

[Event "24. Copenhagen Open  (Politiken Cup)"]
[Site "Copenhagen"]
[Date "2002.07.23"]
[Round "8"]
[White "McShane, Rod"]
[Black "Madsen, Simon Rise"]
[Result "0-1"]
[WhiteElo "1500"]
[BlackElo "1202"]
[PlyCount "75"]
[EventDate "2002.07.15"]
[EventType "swiss"]
[EventRounds "11"]
[EventCountry "DEN"]
[SourceDate "2004.01.01"]

1. e4 e5 2. Nf3 Nc6 3. Bb5 Nf6 4. O-O d6 5. Re1 Be7 6. h3 O-O 7. c3 d5 8. exd5
e4 9. dxc6 exf3 10. Qxf3 b6 11. d4 Be6 12. Qd1 a6 13. Ba4 Bd5 14. Bg5 b5 15.
Bb3 Bxc6 16. Nd2 a5 17. Nf3 Re8 18. Ne5 Bd5 19. Bxd5 Qxd5 20. Qf3 Qxf3 21. Nxf3
h6 22. Bh4 c6 23. Ne5 g5 24. Nxc6 Bd6 25. Rxe8+ Rxe8 26. Bg3 Bxg3 27. fxg3 Re2
28. b3 Rc2 29. Nxa5 Rxc3 30. a4 b4 31. Rf1 Ne4 32. g4 Nd2 33. Rd1 Rd3 34. Re1
Rxd4 35. Nc6 Rf4 36. Ne7+ Kh7 37. Nd5 Rd4 38. Re7 0-1

[Event "24. Copenhagen Open  (Politiken Cup)"]
[Site "Copenhagen"]
[Date "2002.07.23"]
[Round "8"]
[White "Moen, Andreas"]
[Black "Brinck Claussen, Bjorn"]
[Result "1/2-1/2"]
[WhiteElo "2278"]
[BlackElo "2369"]
[PlyCount "73"]
[EventDate "2002.07.15"]
[EventType "swiss"]
[EventRounds "11"]
[EventCountry "DEN"]
[SourceDate "2004.01.01"]

1. c4 e5 2. Nc3 Nf6 3. Nf3 Nc6 4. e3 Bb4 5. Qc2 Bxc3 6. Qxc3 Qe7 7. d3 d5 8.
Be2 O-O 9. a3 a5 10. b3 Bg4 11. cxd5 Nxd5 12. Qc2 Rad8 13. O-O Kh8 14. Bb2 f5
15. h3 Bh5 16. Nxe5 Nxe5 17. Bxh5 f4 18. e4 Qg5 19. Bxe5 Qxe5 20. Bf3 Ne7 21.
Rfc1 Nc6 22. Qc5 Rf7 23. Qxe5 Nxe5 24. Rc5 Nxf3+ 25. gxf3 Rxd3 26. Rxa5 h6 27.
b4 Rxf3 28. Kg2 Rd3 29. Ra7 c6 30. Rc1 f3+ 31. Kg3 Rf6 32. Rxb7 Rxa3 33. Rb6
Rg6+ 34. Kf4 Rf6+ 35. Kg3 Rg6+ 36. Kf4 Rf6+ 37. Kg3 1/2-1/2

[Event "24. Copenhagen Open  (Politiken Cup)"]
[Site "Copenhagen"]
[Date "2002.07.23"]
[Round "8"]
[White "Mortensen, Erling"]
[Black "Timmermans, Ivo"]
[Result "1-0"]
[WhiteElo "2450"]
[BlackElo "2177"]
[PlyCount "51"]
[EventDate "2002.07.15"]
[EventType "swiss"]
[EventRounds "11"]
[EventCountry "DEN"]
[SourceDate "2004.01.01"]

1. e4 c5 2. Nf3 d6 3. d4 cxd4 4. Nxd4 Nf6 5. Nc3 g6 6. Be3 Bg7 7. f3 O-O 8. Qd2
Nc6 9. Bc4 Bd7 10. O-O-O Ne5 11. Bb3 Qa5 12. Kb1 Rfc8 13. h4 Nc4 14. Bxc4 Rxc4
15. Nb3 Qc7 16. g4 a5 17. e5 Nxg4 18. Nd5 Qd8 19. fxg4 a4 20. Bg5 Bxe5 21. Bxe7
Qe8 22. Na5 Rc5 23. Bxd6 Raxa5 24. Bxc5 Rxc5 25. Rhe1 Kg7 26. Qe3 1-0

[Event "24. Copenhagen Open  (Politiken Cup)"]
[Site "Copenhagen"]
[Date "2002.07.23"]
[Round "8"]
[White "Nielsen, Michael"]
[Black "Molvig, Henrik"]
[Result "1/2-1/2"]
[WhiteElo "2086"]
[BlackElo "2237"]
[PlyCount "26"]
[EventDate "2002.07.15"]
[EventType "swiss"]
[EventRounds "11"]
[EventCountry "DEN"]
[SourceDate "2004.01.01"]

1. e4 c5 2. Nf3 d6 3. d4 cxd4 4. Nxd4 Nf6 5. Nc3 a6 6. f4 Qc7 7. Nf3 e6 8. Bd3
Nc6 9. O-O Be7 10. Qe1 Nb4 11. Kh1 Nxd3 12. cxd3 O-O 13. Qg3 b5 1/2-1/2

[Event "24. Copenhagen Open  (Politiken Cup)"]
[Site "Copenhagen"]
[Date "2002.07.23"]
[Round "8"]
[White "Pedersen, Kaj Vinding"]
[Black "Rasmussen, Henning"]
[Result "0-1"]
[WhiteElo "1529"]
[BlackElo "1743"]
[PlyCount "118"]
[EventDate "2002.07.15"]
[EventType "swiss"]
[EventRounds "11"]
[EventCountry "DEN"]
[SourceDate "2004.01.01"]

1. d4 Nf6 2. Nf3 g6 3. g3 Bg7 4. Bg2 O-O 5. O-O d6 6. c3 Nbd7 7. Qc2 c6 8. Rd1
Qc7 9. Nbd2 e5 10. e3 d5 11. dxe5 Nxe5 12. Nxe5 Qxe5 13. Nf3 Qe7 14. a4 Bf5 15.
Qb3 Be4 16. Qa3 Qc7 17. Nd4 Bxg2 18. Kxg2 Rfe8 19. b4 a6 20. Ra2 Ne4 21. Re2 f5
22. Qb3 Nd6 23. h4 h5 24. b5 axb5 25. axb5 Nc4 26. bxc6 bxc6 27. Ra2 Kf7 28.
Rxa8 Rxa8 29. Qc2 Qc8 30. Nf3 Bf6 31. Nd2 Qa6 32. Qb3 Qb6 33. Qc2 Qb5 34. Qd3
Nd6 35. Qxb5 Nxb5 36. c4 Nc3 37. Re1 Na2 38. cxd5 Bc3 39. dxc6 Nxc1 40. Rxc1
Bxd2 41. Rc4 Rc8 42. Kf3 Ba5 43. e4 Bc7 44. exf5 gxf5 45. Kg2 Re8 46. Rc2 Re6
47. f3 Rg6 48. g4 hxg4 49. fxg4 Rxg4+ 50. Kf3 Rxh4 51. Rc5 Ke6 52. Ke2 Re4+ 53.
Kf1 f4 54. Kf2 Kd6 55. Rc2 Kd5 56. Kf3 Rc4 57. Rd2+ Kxc6 58. Rd3 Rc1 59. Ke2
Rh1 0-1

[Event "24. Copenhagen Open  (Politiken Cup)"]
[Site "Copenhagen"]
[Date "2002.07.23"]
[Round "8"]
[White "Petersen, Nils"]
[Black "Borvander, Tom"]
[Result "0-1"]
[WhiteElo "2035"]
[BlackElo "2166"]
[PlyCount "154"]
[EventDate "2002.07.15"]
[EventType "swiss"]
[EventRounds "11"]
[EventCountry "DEN"]
[SourceDate "2004.01.01"]

1. c4 e5 2. Nc3 Nf6 3. Nf3 Nc6 4. d4 exd4 5. Nxd4 Bb4 6. Bg5 h6 7. Bh4 Bxc3+ 8.
bxc3 Ne5 9. e3 Ng6 10. Bg3 d6 11. Bd3 O-O 12. Bxg6 fxg6 13. Qd3 Qe8 14. f3 Nd7
15. O-O Nc5 16. Qd2 Qf7 17. Qe2 Bd7 18. Rfd1 Rae8 19. e4 g5 20. h3 h5 21. Rf1
Qg6 22. Kh2 a6 23. Rad1 g4 24. h4 Rf7 25. Rf2 Ref8 26. Re1 Re8 27. Qe3 Be6 28.
Nxe6 Qxe6 29. Qd4 Nd7 30. f4 Qe7 31. Rfe2 Qe6 32. e5 dxe5 33. fxe5 b6 34. Qd5
Nc5 35. Qxe6 Nxe6 36. Rd2 Kh7 37. Red1 Kg6 38. Kg1 Rff8 39. Rd5 Rf7 40. Re1
Ref8 41. Rd2 Re7 42. Bf2 Rf4 43. c5 bxc5 44. Be3 Re4 45. Bf2 Kf5 46. Rf1 Kg6
47. Bg3 Re3 48. Kh2 Rxc3 49. Re1 Rc4 50. Bf2 Rf7 51. Bg3 Rd4 52. Rc2 Rfd7 53.
Ree2 Rd1 54. Rc3 R7d3 55. Rec2 Rxc3 56. Rxc3 Rb1 57. Ra3 Rb6 58. Kg1 Kf5 59.
Kf2 g5 60. hxg5 Kxg5 61. Ke3 Kf5 62. Ra4 Rb2 63. Bf2 Rb6 64. Bg3 Nd4 65. Rc4
Rb5 66. a4 Rb3+ 67. Kf2 Ne6 68. Rc2 Kg5 69. Bh2 h4 70. g3 Rf3+ 71. Ke1 hxg3 72.
Bg1 Kf5 73. a5 Ra3 74. Kf1 Rxa5 75. Kg2 Ra3 76. Bxc5 Nf4+ 77. Kh1 Ra1+ 0-1

[Event "24. Copenhagen Open  (Politiken Cup)"]
[Site "Copenhagen"]
[Date "2002.07.23"]
[Round "8"]
[White "Preuss, Flemming"]
[Black "Rorvik, Jon F"]
[Result "1-0"]
[WhiteElo "2063"]
[BlackElo "2168"]
[PlyCount "55"]
[EventDate "2002.07.15"]
[EventType "swiss"]
[EventRounds "11"]
[EventCountry "DEN"]
[SourceDate "2004.01.01"]

1. e4 e5 2. Nf3 Nc6 3. d4 exd4 4. c3 d5 5. exd5 Qxd5 6. cxd4 Nf6 7. Nc3 Bb4 8.
Be2 O-O 9. O-O Qa5 10. Na4 Bg4 11. h3 Bh5 12. a3 Be7 13. b4 Qd5 14. Nc3 Qd7 15.
Be3 Rad8 16. Re1 Nd5 17. Nxd5 Qxd5 18. Rc1 Bd6 19. g4 Qe6 20. Ng5 Qe7 21. gxh5
Nxd4 22. Bc4 Qf6 23. Qg4 Be5 24. f4 Bd6 25. Ne4 Qf5 26. Bxd4 Qxg4+ 27. hxg4
Bxf4 28. Rcd1 1-0

[Event "24. Copenhagen Open  (Politiken Cup)"]
[Site "Copenhagen"]
[Date "2002.07.23"]
[Round "8"]
[White "Rasmussen, Poul"]
[Black "Opstrup, Niels"]
[Result "1-0"]
[WhiteElo "1428"]
[BlackElo "1196"]
[PlyCount "55"]
[EventDate "2002.07.15"]
[EventType "swiss"]
[EventRounds "11"]
[EventCountry "DEN"]
[SourceDate "2004.01.01"]

1. e4 d5 2. exd5 Qxd5 3. Nc3 Qa5 4. Nf3 Nf6 5. Be2 e5 6. O-O Bf5 7. d3 Nbd7 8.
Bd2 c6 9. d4 Qc7 10. dxe5 Ng4 11. Nh4 Bxc2 12. Qxc2 Ngxe5 13. Nf3 Bd6 14. Nxe5
Bxe5 15. g3 h5 16. h4 O-O-O 17. Rac1 Bxg3 18. Nd5 Qd6 19. Ne7+ Kb8 20. Nf5 Bh2+
21. Kg2 Qe5 22. f4 Qf6 23. Kxh2 Rh6 24. Bc3 Qe6 25. Nxh6 Qxh6 26. Rcd1 f6 27.
Qf5 Kc7 28. Qxh5 1-0

[Event "24. Copenhagen Open  (Politiken Cup)"]
[Site "Copenhagen"]
[Date "2002.07.23"]
[Round "8"]
[White "Raunkjar, Jonas"]
[Black "Christensen, Christoffer"]
[Result "0-1"]
[WhiteElo "1702"]
[BlackElo "1464"]
[PlyCount "78"]
[EventDate "2002.07.15"]
[EventType "swiss"]
[EventRounds "11"]
[EventCountry "DEN"]
[SourceDate "2004.01.01"]

1. e4 d6 2. d4 g6 3. Nc3 Bg7 4. Be2 Nf6 5. Be3 Nbd7 6. Qd2 e5 7. O-O-O Nb6 8.
dxe5 Ng4 9. Bxg4 Bxg4 10. f3 Be6 11. exd6 Nc4 12. dxc7 Qxc7 13. Qe1 O-O 14. Rd3
Rfd8 15. Qf2 Rxd3 16. cxd3 Nxb2 17. Qxb2 Bxc3 18. Qc2 Rc8 19. Kd1 Qa5 20. Ke2
Bd4 21. Qd2 Qa4 22. Qd1 Qxd1+ 23. Kxd1 Bxe3 24. Ke2 Bxg1 25. Rxg1 Rc2+ 26. Ke3
Bxa2 27. d4 Rb2 28. d5 Rb1 29. Rxb1 Bxb1 30. Kd4 Ba2 31. Kc5 Kf8 32. Kd6 Ke8
33. g4 g5 34. e5 b5 35. Kc5 b4 36. Kxb4 Bxd5 37. Kb5 Bxf3 38. Ka6 Bxg4 39. Kxa7
Ke7 0-1

[Event "24. Copenhagen Open  (Politiken Cup)"]
[Site "Copenhagen"]
[Date "2002.07.23"]
[Round "8"]
[White "Rodriguez Vinuesa, Azahara"]
[Black "Hansen, Martin Holmegaard"]
[Result "1-0"]
[WhiteElo "2095"]
[BlackElo "1926"]
[PlyCount "65"]
[EventDate "2002.07.15"]
[EventType "swiss"]
[EventRounds "11"]
[EventCountry "DEN"]
[SourceDate "2004.01.01"]

1. e4 e6 2. d3 c5 3. Nf3 Nc6 4. Nbd2 g6 5. g3 Bg7 6. Bg2 Nge7 7. O-O O-O 8. c3
b5 9. Nb3 c4 10. Nbd4 Rb8 11. dxc4 bxc4 12. Qa4 Qa5 13. Qxa5 Nxa5 14. Rd1 f5
15. Bg5 Nec6 16. exf5 gxf5 17. Rab1 h6 18. Bf4 e5 19. Nxc6 Nxc6 20. Be3 Rd8 21.
Nh4 Rf8 22. Bd5+ Kh7 23. Bxc4 f4 24. Bd3+ Kg8 25. Bc5 fxg3 26. Bxf8 gxf2+ 27.
Kxf2 Bxf8 28. Bc4+ Kh7 29. b4 d6 30. Rg1 Ne7 31. Rbd1 Rb6 32. Ke2 Bb7 33. Rdf1
1-0

[Event "24. Copenhagen Open  (Politiken Cup)"]
[Site "Copenhagen"]
[Date "2002.07.23"]
[Round "8"]
[White "Rosenkilde, Alexander"]
[Black "Moller, Arne"]
[Result "0-1"]
[WhiteElo "1639"]
[BlackElo "1808"]
[PlyCount "42"]
[EventDate "2002.07.15"]
[EventType "swiss"]
[EventRounds "11"]
[EventCountry "DEN"]
[SourceDate "2004.01.01"]

1. e4 c6 2. d4 d5 3. exd5 cxd5 4. c4 Nc6 5. Be3 Nf6 6. Nc3 Bf5 7. Nf3 h6 8. Rc1
e6 9. cxd5 exd5 10. Bb5 Bb4 11. Qa4 O-O 12. Bxc6 Bxc3+ 13. bxc3 bxc6 14. Qxc6
Qa5 15. a4 Bd3 16. Kd2 Rac8 17. Qb7 Rb8 18. Qe7 Rb2+ 19. Kxd3 Qa6+ 20. c4 dxc4+
21. Kc3 Nd5+ 0-1

[Event "24. Copenhagen Open  (Politiken Cup)"]
[Site "Copenhagen"]
[Date "2002.07.23"]
[Round "8"]
[White "Rossen, Claus"]
[Black "Schmidt, Horst Hubert"]
[Result "1-0"]
[WhiteElo "2185"]
[BlackElo "1857"]
[PlyCount "103"]
[EventDate "2002.07.15"]
[EventType "swiss"]
[EventRounds "11"]
[EventCountry "DEN"]
[SourceDate "2004.01.01"]

1. e4 e6 2. d4 d5 3. Nd2 dxe4 4. Nxe4 Bd7 5. Nf3 Bc6 6. Bd3 Nf6 7. Bg5 Be7 8.
Bxf6 Bxf6 9. c3 Nd7 10. O-O O-O 11. Qe2 Re8 12. Nxf6+ Qxf6 13. Ne5 Nxe5 14.
dxe5 Qe7 15. b4 a6 16. a4 Red8 17. b5 axb5 18. axb5 Be8 19. Rxa8 Rxa8 20. Qe4
g6 21. Qxb7 Ra3 22. Qb8 Rxc3 23. Be4 Kg7 24. Rd1 Qd7 25. Bf3 Rd3 26. Rb1 Rd2
27. b6 cxb6 28. Qxb6 Qd3 29. Re1 Qc3 30. Qe3 Rd3 31. Qc1 Qd4 32. h3 Rd2 33. Re3
Ba4 34. Qc3 Qd8 35. Re4 Bd1 36. Rf4 Bxf3 37. Qxf3 Qc7 38. Rf6 Rd5 39. Qf4 h6
40. h4 Rc5 41. Kh2 Rc2 42. h5 Rxf2 43. Qg3 Rf5 44. Rxf5 exf5 45. Qf4 Kh7 46.
hxg6+ fxg6 47. Qd4 Kg8 48. Qd5+ Kg7 49. Qe6 Qf7 50. Qd6 Qf8 51. Qd7+ Qf7 52. e6
1-0

[Event "24. Copenhagen Open  (Politiken Cup)"]
[Site "Copenhagen"]
[Date "2002.07.23"]
[Round "8"]
[White "Royset, Paal"]
[Black "Vovk, Oksana"]
[Result "1-0"]
[WhiteElo "2252"]
[BlackElo "2077"]
[PlyCount "57"]
[EventDate "2002.07.15"]
[EventType "swiss"]
[EventRounds "11"]
[EventCountry "DEN"]
[SourceDate "2004.01.01"]

1. e4 c5 2. c3 d5 3. exd5 Qxd5 4. d4 Nf6 5. Nf3 Bg4 6. Qa4+ Nbd7 7. Bc4 Qe4+ 8.
Be3 Bxf3 9. Nd2 Qc6 10. Bb5 Bxg2 11. Bxc6 Bxc6 12. Qb3 Bxh1 13. f3 cxd4 14.
cxd4 b6 15. Kf2 Bxf3 16. Nxf3 e6 17. Rg1 Nd5 18. Qb5 Rc8 19. Ne5 N5f6 20. Bg5
Rc7 21. Bxf6 gxf6 22. Nxd7 Rxd7 23. Rc1 Kd8 24. Qa6 Ke7 25. Rc8 f5 26. Qa3+ Rd6
27. Qxa7+ Kf6 28. Qb8 Ke7 29. Re8+ 1-0

[Event "24. Copenhagen Open  (Politiken Cup)"]
[Site "Copenhagen"]
[Date "2002.07.23"]
[Round "8"]
[White "Rusanov, Alex"]
[Black "Andersen, Esben"]
[Result "1/2-1/2"]
[WhiteElo "1429"]
[BlackElo "1690"]
[PlyCount "75"]
[EventDate "2002.07.15"]
[EventType "swiss"]
[EventRounds "11"]
[EventCountry "DEN"]
[SourceDate "2004.01.01"]

1. e4 c6 2. d4 d5 3. exd5 cxd5 4. c4 dxc4 5. Bxc4 Nf6 6. Nc3 a6 7. Nf3 b5 8.
Bb3 e6 9. d5 Bb4 10. Bg5 h6 11. Bxf6 Qxf6 12. O-O O-O 13. dxe6 Bxe6 14. Bxe6
Qxe6 15. Qd4 Nc6 16. Qd3 Rad8 17. Qc2 Qc4 18. Rac1 Rfe8 19. b3 Qxc3 20. Qxc3
Bxc3 21. Rxc3 Nb4 22. a3 Nd5 23. Rc6 Re6 24. Rxe6 fxe6 25. g3 Rc8 26. Re1 Kf7
27. Nd4 Re8 28. Rc1 e5 29. Nf5 Kf6 30. Nd6 Re6 31. Rc6 Ke7 32. Nf5+ Kf6 33.
Rxe6+ Kxe6 34. Nxg7+ Kf6 35. Ne8+ Ke7 36. Ng7 Kf6 37. Nh5+ Kg5 38. Ng7 1/2-1/2

[Event "24. Copenhagen Open  (Politiken Cup)"]
[Site "Copenhagen"]
[Date "2002.07.23"]
[Round "8"]
[White "Schmied, Andreas"]
[Black "Bjerke, Silje"]
[Result "1/2-1/2"]
[WhiteElo "2134"]
[BlackElo "2064"]
[PlyCount "46"]
[EventDate "2002.07.15"]
[EventType "swiss"]
[EventRounds "11"]
[EventCountry "DEN"]
[SourceDate "2004.01.01"]

1. d4 d5 2. c4 e6 3. Nc3 c6 4. Nf3 dxc4 5. a4 Bb4 6. Bd2 a5 7. e3 b5 8. axb5
Bxc3 9. Bxc3 cxb5 10. b3 Bb7 11. d5 Nf6 12. bxc4 b4 13. Bxf6 Qxf6 14. Qa4+ Nd7
15. Nd4 Ke7 16. d6+ Kxd6 17. Rd1 Ke7 18. Nf5+ exf5 19. Qxd7+ Kf8 20. Qxb7 Qc3+
21. Ke2 Qxc4+ 22. Ke1 Qc3+ 23. Ke2 Qc4+ 1/2-1/2

[Event "24. Copenhagen Open  (Politiken Cup)"]
[Site "Copenhagen"]
[Date "2002.07.23"]
[Round "8"]
[White "Simonsen, Olavur"]
[Black "Bogdanov, Dimitri"]
[Result "1/2-1/2"]
[WhiteElo "2240"]
[BlackElo "2096"]
[PlyCount "149"]
[EventDate "2002.07.15"]
[EventType "swiss"]
[EventRounds "11"]
[EventCountry "DEN"]
[SourceDate "2004.01.01"]

1. e4 g6 2. d4 Bg7 3. Nf3 d6 4. Be2 Nf6 5. Nc3 O-O 6. O-O c6 7. a4 a5 8. h3
Nbd7 9. Be3 e5 10. Nd2 d5 11. exd5 Nxd5 12. Nxd5 exd4 13. Bf4 cxd5 14. Nf3 Qb6
15. Bb5 Nc5 16. Be5 Ne6 17. Bxg7 Kxg7 18. Re1 Rd8 19. Qd2 h5 20. Ne5 f6 21. Nd3
Bd7 22. Nf4 Qd6 23. Bxd7 Nxf4 24. Bb5 Rac8 25. Qxd4 Rxc2 26. Ra3 Rdc8 27. Rf3
Rc1 28. Rf1 Rxf1+ 29. Bxf1 g5 30. h4 Qe5 31. Qd2 Re8 32. Re3 Qb8 33. Rxe8 Qxe8
34. hxg5 fxg5 35. g3 Ng6 36. Qxg5 Qe5 37. Qd2 h4 38. Kh2 hxg3+ 39. fxg3 b6 40.
Bd3 Qh5+ 41. Kg2 Ne5 42. Be2 Qh6 43. Qd4 Qd6 44. Bf3 Kf6 45. Bxd5 Ke7 46. b3
Ke8 47. Qe4 Kd8 48. Qd4 Ke8 49. Kf2 Qf6+ 50. Ke2 Qd6 51. Kd1 Kd8 52. Kc2 Kc7
53. Kc3 Nd7 54. Qf4 Ne5 55. Bc4 Kb7 56. g4 Qb4+ 57. Kc2 Qc5 58. Kb2 Nxc4+ 59.
Qxc4 Qe5+ 60. Kc2 Qh2+ 61. Kd1 Qg1+ 62. Kd2 Qf2+ 63. Qe2 Qd4+ 64. Kc2 Qc5+ 65.
Kb2 Qd4+ 66. Ka2 Qd5 67. Qc4 Qd2+ 68. Ka3 Qd6+ 69. b4 Qg3+ 70. Kb2 Qf2+ 71. Kc1
Qe1+ 72. Kc2 Qf2+ 73. Kd1 Qf3+ 74. Ke1 Qe3+ 75. Kf1 1/2-1/2

[Event "24. Copenhagen Open  (Politiken Cup)"]
[Site "Copenhagen"]
[Date "2002.07.23"]
[Round "8"]
[White "Skovgaard, Peter Nicolai"]
[Black "Taksrud, Vidar"]
[Result "0-1"]
[WhiteElo "1679"]
[BlackElo "1888"]
[PlyCount "56"]
[EventDate "2002.07.15"]
[EventType "swiss"]
[EventRounds "11"]
[EventCountry "DEN"]
[SourceDate "2004.01.01"]

1. e4 c5 2. Nc3 Nc6 3. f4 d6 4. Nf3 g6 5. Bc4 e6 6. O-O Bg7 7. d3 Nge7 8. Qe1
O-O 9. f5 d5 10. Bb3 c4 11. Ba4 exf5 12. Qh4 dxe4 13. dxe4 fxe4 14. Ng5 h6 15.
Ngxe4 Nf5 16. Qxd8 Rxd8 17. Bxc6 bxc6 18. Bf4 Be6 19. Rad1 g5 20. Bc1 Rxd1 21.
Rxd1 Nd4 22. Be3 Nxc2 23. Bc5 a5 24. a3 Rb8 25. Na4 Bf5 26. Nd6 Bd3 27. Rd2 Nd4
28. Nb6 Nb3 0-1

[Event "24. Copenhagen Open  (Politiken Cup)"]
[Site "Copenhagen"]
[Date "2002.07.23"]
[Round "8"]
[White "Soraas, Torben"]
[Black "Kjartansson, Gudmundur"]
[Result "1/2-1/2"]
[WhiteElo "1776"]
[BlackElo "2105"]
[PlyCount "87"]
[EventDate "2002.07.15"]
[EventType "swiss"]
[EventRounds "11"]
[EventCountry "DEN"]
[SourceDate "2004.01.01"]

1. e4 c5 2. Nc3 Nc6 3. g3 g6 4. d3 d6 5. Be3 Bg7 6. Qd2 Rb8 7. Bg2 e5 8. Nd5 b5
9. Ne2 Nge7 10. Bh6 O-O 11. Bxg7 Kxg7 12. Nxe7 Nxe7 13. O-O Be6 14. f4 f6 15.
c3 Qb6 16. Kh1 Bg4 17. Ng1 Rbd8 18. h3 Be6 19. Nf3 exf4 20. Qxf4 Nc6 21. a3 d5
22. Rad1 dxe4 23. dxe4 Bc4 24. Rfe1 Rfe8 25. Kh2 Ne5 26. Nxe5 fxe5 27. Qg5 Qf6
28. Qxf6+ Kxf6 29. Bf1 Ke7 30. Bxc4 bxc4 31. Rxd8 Rxd8 32. Re2 Rd1 33. Kg2 Rb1
34. Rd2 a5 35. Kf3 Ke6 36. h4 h5 37. Kf2 Kf7 38. Kf3 g5 39. hxg5 Kg6 40. Rd5
Rxb2 41. Rxe5 Rb3 42. Rxc5 Rxc3+ 43. Kf4 a4 44. Rc6+ 1/2-1/2

[Event "24. Copenhagen Open  (Politiken Cup)"]
[Site "Copenhagen"]
[Date "2002.07.23"]
[Round "8"]
[White "Svensson, Bengt"]
[Black "Tidman, Sophie E"]
[Result "1/2-1/2"]
[WhiteElo "2398"]
[BlackElo "2139"]
[PlyCount "53"]
[EventDate "2002.07.15"]
[EventType "swiss"]
[EventRounds "11"]
[EventCountry "DEN"]
[SourceDate "2004.01.01"]

1. c4 d6 2. Nc3 f5 3. g3 Nf6 4. Bg2 g6 5. d3 Bg7 6. e4 O-O 7. Nge2 Nc6 8. O-O
e6 9. h3 a6 10. Be3 h6 11. Qd2 Kh7 12. Rad1 Qe8 13. f4 Rb8 14. a4 Bd7 15. Kh2
b6 16. b3 Ne7 17. Rde1 b5 18. axb5 axb5 19. cxb5 Bxb5 20. Nxb5 Qxb5 21. Nd4 Qd7
22. exf5 Nxf5 23. Nxf5 gxf5 24. Qc2 c5 25. d4 cxd4 26. Bxd4 Rb4 27. Bxf6
1/2-1/2

[Event "24. Copenhagen Open  (Politiken Cup)"]
[Site "Copenhagen"]
[Date "2002.07.23"]
[Round "8"]
[White "Sylvan, Jacob"]
[Black "Dalsberg, Sandra de Blecourt"]
[Result "1-0"]
[WhiteElo "2259"]
[BlackElo "2082"]
[PlyCount "75"]
[EventDate "2002.07.15"]
[EventType "swiss"]
[EventRounds "11"]
[EventCountry "DEN"]
[SourceDate "2004.01.01"]

1. e4 e6 2. d4 d5 3. Nd2 Nf6 4. e5 Nfd7 5. c3 c5 6. f4 Nc6 7. Ndf3 Qb6 8. g3
cxd4 9. cxd4 Bb4+ 10. Kf2 g5 11. fxg5 Ndxe5 12. Nxe5 Nxe5 13. Kg2 Nc6 14. Nf3
Bf8 15. b3 Bg7 16. Bb2 Bd7 17. Rc1 O-O-O 18. Ne5 Be8 19. Be2 Kb8 20. Nxc6+ Bxc6
21. Rf1 Be8 22. Qd2 h6 23. Rc5 e5 24. Rfc1 Qe6 25. g6 exd4 26. gxf7 Bd7 27. Bf3
h5 28. Bxd4 Bh6 29. Qc3 Rhf8 30. Re1 Qh3+ 31. Kg1 Rxf7 32. Qa5 Rdf8 33. Rc7 a6
34. Rxb7+ Kxb7 35. Bxd5+ Bc6 36. Qb6+ Kc8 37. Qxc6+ Rc7 38. Be6+ 1-0

[Event "24. Copenhagen Open  (Politiken Cup)"]
[Site "Copenhagen"]
[Date "2002.07.23"]
[Round "8"]
[White "Tolstrup, Thomas"]
[Black "Nilsson, Nils Specht"]
[Result "1-0"]
[WhiteElo "2074"]
[BlackElo "2187"]
[PlyCount "79"]
[EventDate "2002.07.15"]
[EventType "swiss"]
[EventRounds "11"]
[EventCountry "DEN"]
[SourceDate "2004.01.01"]

1. Nf3 g6 2. c4 Bg7 3. d4 f5 4. g3 Nf6 5. Bg2 d6 6. O-O O-O 7. Nc3 Nc6 8. d5
Na5 9. Qa4 c5 10. dxc6 Nxc6 11. Rd1 Nd7 12. Qc2 Nb4 13. Qd2 Nc5 14. Nd5 a5 15.
Nxb4 axb4 16. Nd4 Bxd4 17. Qxd4 Nb3 18. axb3 Rxa1 19. Bh6 Rxd1+ 20. Qxd1 Re8
21. Qd5+ e6 22. Qb5 Qe7 23. h4 d5 24. Bg5 Qf7 25. Qxb4 d4 26. Qd6 Qd7 27. Qe5
b6 28. Bh6 Bb7 29. Bxb7 Qxb7 30. Qxd4 e5 31. Qd6 Kf7 32. Be3 Re6 33. Qd8 Kg7
34. h5 Rc6 35. h6+ Kf7 36. Bg5 Qc7 37. Qh8 Ke6 38. Qe8+ Kd6 39. Bf6 Kc5 40.
Bxe5 1-0

[Event "24. Copenhagen Open  (Politiken Cup)"]
[Site "Copenhagen"]
[Date "2002.07.23"]
[Round "8"]
[White "Tozer, Richard"]
[Black "Pert, Nicholas"]
[Result "0-1"]
[WhiteElo "2312"]
[BlackElo "2460"]
[PlyCount "120"]
[EventDate "2002.07.15"]
[EventType "swiss"]
[EventRounds "11"]
[EventCountry "DEN"]
[SourceDate "2004.01.01"]

1. d4 e6 2. c4 f5 3. Nf3 Nf6 4. e3 b6 5. Be2 Bb4+ 6. Nbd2 Bb7 7. O-O a5 8. a3
Be7 9. b3 O-O 10. Bb2 Ne4 11. Nxe4 fxe4 12. Nd2 d5 13. f3 Bg5 14. f4 Be7 15.
Bg4 Bc8 16. Qc2 c6 17. Bc3 Na6 18. Qb2 b5 19. cxb5 cxb5 20. b4 a4 21. Rac1 Nc7
22. Qc2 Ne8 23. Bb2 Bd7 24. Nxe4 dxe4 25. Qxe4 Nd6 26. Bxe6+ Kh8 27. Qd5 Bxe6
28. Qxe6 Nc4 29. Rc2 Bf6 30. Bc1 Re8 31. Qf5 Nxe3 32. Bxe3 Rxe3 33. Rd1 Qe8 34.
h3 Rd8 35. Kh2 Qe4 36. Qxe4 Rxe4 37. d5 Rd4 38. Rxd4 Bxd4 39. Kg3 Kg8 40. Kf3
Rxd5 41. Ke4 Rd6 42. Rc8+ Kf7 43. Rb8 Bb2 44. Rxb5 Rd4+ 45. Ke3 Rc4 46. Ra5
Bxa3 47. Rxa4 Bxb4 48. Kf3 Rc3+ 49. Kg4 Bc5 50. Ra2 g6 51. Kg5 Be7+ 52. Kh6 Rc5
53. g4 Kg8 54. f5 gxf5 55. Ra8+ Kf7 56. Kxh7 Rc3 57. h4 Rh3 58. h5 fxg4 59. h6
g3 60. Ra6 Bg5 0-1